Państwa z najbardziej południowymi punktami północnymi - Statystyki

Ogólne statystyki
  • Ten quiz został rozwiązany 65 razy
  • Średni wynik to 14 z 20
Statystyki odpowiedzi
Szerokość
geograficzna
Państwo % Poprawnych
22 20' S Republika Południowej Afryki
95%
21 48' S Argentyna
90%
34 41' S Nowa Zelandia
88%
17 19' S Chile
85%
30 05' S Urugwaj
82%
28 34' S Lesotho
78%
11 57' S Madagaskar
73%
17 46' S Botswana
72%
16 56' S Namibia
70%
15 37' S Zimbabwe
68%
25 44' S Eswatini
67%
10 27' S Mozambik
67%
19 17' S Paragwaj
65%
9 40' S Boliwia
57%
17 10' S Mauritius
55%
12 30' S Fidżi
53%
11 22' S Komory
52%
10 52' S Samoa
50%
15 36' S Tonga
50%
13 07' S Vanuatu
45%
Nie znaleziono quizów pasujących do podanych kryteriów
Rozkład punktacji
Procent ludzi z każdym wynikiem
Percentyl według liczby udzielonych odpowiedzi
Twoja historia wyników
Nie rozwiązałeś tego quizu